S tepličtinou sa popasovali skvele

Bibliographic Details
Format: Article
Language:Slovak
PhysicalDescription:Fotogr.
ISSN:1210-2423
Subjects:

MARC

LEADER 00000nab a2200000 ar4500
001 vtls010425881
003 SK-MaSNL
005 20260303093246.0
008 120528c2012 xo wr|p|||||||000 b|slo
038 |a PPPK 
040 |a PPPKCL  |b slo  |c PPPKCL  |e AACR2 
041 0 |a slo 
044 |a xo  |c SK 
080 |a 373.3  |2 2001 
080 |a 81'282  |2 2001 
245 0 0 |a S tepličtinou sa popasovali skvele  |c [text a foto] (fed) 
300 |b Fotogr. 
610 2 7 |a Základná škola (Liptovská Teplička, Slovensko)  |2 pppkcl  |9 55545 
648 7 |a 14.3.2012  |2 pppkcl  |9 1104197 
650 0 7 |a základné školy  |2 pppkcl  |9 1280 
650 0 7 |a amatérsky umelecký prednes  |2 pppkcl  |9 84977 
650 0 7 |a dialekty  |2 pppkcl  |9 19030 
651 7 |a Liptovská Teplička (Slovensko)  |2 pppkcl  |9 20039 
651 7 |a Poprad (Slovensko : okres)  |2 pppkcl  |9 28675 
773 0 |t Podtatranské noviny  |g Roč. LIII, č. 12 (2012), s. 4  |x 1210-2423 
852 |a PPPK  |b KIS3GCP 
999 |c 1814813  |d 1816743